| 000 | 00560pab a2200193 454500 | ||
|---|---|---|---|
| 008 | 180718b2002 xxu||||| |||| 00| 0 eng d | ||
| 100 | _aCramer, Christopher | ||
| 245 | _aTry again, fail again, fail better? War, the state, and the `Post-conflict' challenge in Afghanistan | ||
| 260 | _c2002 | ||
| 300 | _ap.885-909. | ||
| 362 | _aNov | ||
| 650 | _aWar | ||
| 650 | _aState | ||
| 650 | _aAfghanistan - Politics and government | ||
| 650 | _aPolitics and government | ||
| 700 | _aGoodhand, Jonathan | ||
| 773 | _aDevelopment and Change | ||
| 909 | _a54793 | ||
| 999 |
_c54793 _d54793 |
||